00494nam a2200193Ia 4500003000900000008004100009040001300050040001300063041000800076100003300084100000900117245008500126250000900211260002100220260000900241300001000250490003400260490000600294IT-RoPAU120407s9999 xx 000 0 und d aIT-RoPAU cIT-RoPAU aita aGiovanni Battista Scaramelli cs.j. aDirettorio Ascetico. Edizione curata con rifacimento linguistico dal P. Tognetti aAlba aEdizioni Paoline c1942 c18 cm aFiore dei Padri , 16,17,18,19 v1